000 00732cam a2200241 a 4500
008
020 _a9781412988896 (pbk.)
049 _aMAIN
090 _aLB1028.24
_bMER.
100 1 _aMertler, Craig A.
245 1 0 _aAction research :
_bimproving schools and empowering educators /
_cCraig A. Mertler.
250 _a3rd ed.
260 _aLos Angeles :
_bSAGE,
_cc2012.
300 _axxii, 299 p. :
_bill. ;
_c24 cm.
500 _aIncludes index.
504 _aIncludes bibliographical references.
650 0 _aAction research in education.
907 _a.b10351140
_b28-11-14
_c25-11-14
003
005 20230123122121.0
040 _cNUST
942 _cBOOKS
_kLB1028.24
_mMER.
999 _c128085
_d128085